| 000 | 03656nam a2200349Ia 4500 | ||
|---|---|---|---|
| 003 | CO-CtgCURN | ||
| 005 | 20251125233952.0 | ||
| 008 | 190725s2013 xx 000 0 und d | ||
| 020 | _a9788498353075 | ||
| 040 |
_aCO-CtgCURN _bspa _ccoctgcurn |
||
| 082 |
_a616.5 _bR682 |
||
| 245 | 0 |
_aDermatología : _btexto y atlas : fundamentos, diagnóstico y aspectos clínicos / _cMartin Rochen; Martin Schaller; Elke Sattler; Walter Burgdorf; traducción., Liliana Anzaudo, Mónica Koch; Ariana Raina |
|
| 260 |
_aEspaña : _bMédica Panamericana, _c2013 |
||
| 300 |
_a406 páginas : _bimagenes, ilustraciones ; _c19 centímetros |
||
| 500 | _aTítulo original: Taschenatlas dermatology | ||
| 500 | _aIncluye introducción, prefacio e índice | ||
| 505 | _aI. Fundamentos -- 1. Introducción -- 2. Embriologia y anatomia -- 3. Bioquímica -- 4. Fisiologia -- 5. Inmunología -- 6. Genética -- II. Diagnostico de enfermedades dermatológicas -- 7. Laboratorio -- 8. Diagnóstico alergológico in vivo -- 9. Diagnóstico por la imagen -- III. Tratamiento de enfermedades dermatológicas -- 10. Farmacoterapia -- 11. Fisioterapia -- 12. Cirugía -- IV. Cuadros clínicos dermatológicos -- 13. Examen dermatológico -- 14. Trastornos inflamatorios de la epidermis -- 15. Trastornos inflamatorios de la unión dermoepidérmica -- 16. Enfermedades genéticas de las zonas de unión -- 17. Enfermedades inflamatorias de la dermis -- 18. Enfermedades inflamatorias del tejido conjuntivo -- 19. Enfermedades genéticas del tejido conjuntivo -- 20. Enfermedades genéticas de la epidermis -- 21. Tumores de la epidermis -- 22. Tumores de la dermis -- 23. Tumores hematopoyéticos -- 24. Tumores y trastornos de los sistemas formadores de pigmentos -- 25. Enfermedades del sistema vascular -- 26. Enfermedades de los anexos -- 27. Enfermedades sistémicas -- 28. Enfermedades de la piel en las distintas etapas de la vida -- 29. Efectos secundarios de los medicamentos -- 30. Enfermedades genéticas -- 31. LA psiquis y la piel -- 32. Virosis -- 33. Enfermedades bacterianas -- 34. Enfermedades producidas por hongos -- 35. Parásitos -- 36. Enfermedades de transmisión sexual -- V. Apéndice. | ||
| 520 | _aDurante los últimos veinte años la dermatología ha sido objeto de múltiples avances sobre el estudio, el diagnóstico y la terapéutica de las lesiones de la piel, enfermedades que, dada su alta prevalencia, tienen un impacto cada vez mayor en los sistemas de salud. A partir de esta premisa. dermatología. Texto y atlas refleja el estado actual de la especialidad y, mediante una combinación única de texto y figuras, proporciona una descripción clara y concisa de las unicca de las enfermedades de la piel. Por sus singulares rasgos, esta obra se convierte en un manual de referencia imprescindible para los dermatólogos, medico clínicos generalistas y de familia, pediatras, y profesionales de otras especialidades, quienes encontraran en sus paginas una puesta al dia de la materi y la información necesaria para alcanzar el diagnostico y el tratamiento correctos de las afecciones cutáneas. | ||
| 521 | _aAREA PROFESIONAL | ||
| 546 | _aTraducido del Alemán | ||
| 590 | _aPrograma de Enfermería_27 | ||
| 650 | _aDermatología | ||
| 700 |
_aRochen, Martin _eautor |
||
| 700 |
_aSchaller, Martin _eautor |
||
| 700 |
_aSattler, Elke _eautor |
||
| 700 |
_aBurgdorf, Walter _eautor |
||
| 700 |
_aAnzaudo, Liliana _etraducción |
||
| 700 |
_aKoch, Mónica _etraducción |
||
| 700 |
_aRaina, Ariana _etraducción |
||
| 942 |
_cBK _h616.5 _iR682 _2ddc |
||
| 999 |
_c30145 _d30145 |
||